000 00734nam a2200253 i 4500
001 38745
003 BD-RjUL
005 20230109151702.0
008 160217s1978 bg b 000 0 eng
035 _a(BD-RjUL)38745
040 _aDLC
_cDLC
_dDLC
_dBD-RjUL
_beng
041 _aeng
082 0 0 _a954.92
_bMUB 1978
100 1 _aMuhith, A. M. A.,
_d1934-
_9119517
245 1 0 _aBangladesh, emergence of a nation /
_cA.M.A. Muhith.
250 _a1st ed.
260 _aDacca :
_bBangladesh Books International,
_c1978.
300 _axv, 358 p. ;
_c22 cm.
500 _aTk95.00 ($8.50 U.S.)
504 _aIncludes bibliographical references.
651 0 _aBangladesh
_xHistory.
_9119518
942 _2ddc
_cBK
999 _c38745
_d38745